000 00820nam a2200241Ia 4500
003 OSt
005 20220923223441.0
006 a|||||r|||| 00| 0
007 ta
008 220922b |||||||| |||| 00| 0 hin d
024 _a215,837
037 _cTextual
040 _aARTS
_cARTS
_bhin
041 _2hin
_ahin
082 _aY:45T.2, 152P0
100 _aगौड, वीरेन्द्र कुमार
245 0 _aआई एस आई और भारत में आतंकवाद
246 _aĀī es āī aur bhārat mean ātankavāda
260 _aदिल्ली
_b शिल्पायन प्रका0
_c2000
300 _a232 पृ.
_ccm.
942 _hY:45T.2, 152P0
_cTEXL
_2CC
999 _c365393
_d365393